[Event "GER CupT"]
[Site "Augsburg"]
[Date "2025.06.14"]
[Round "1.2"]
[White "Lavrinenkov, Vadim"]
[Black "Wagner, Dennis"]
[Result "1/2-1/2"]
[WhiteElo "2301"]
[BlackElo "2619"]
[PlyCount "120"]
[EventDate "2025.06.14"]
[EventType "team-k.o."]
[EventRounds "5"]
[EventCountry "GER"]
[SourceTitle "CB25_2025"]
[SourceDate "2025.06.18"]
[SourceVersion "1"]
[SourceVersionDate "2025.06.18"]
[SourceQuality "1"]
[WhiteTeam "Augsburg"]
[BlackTeam "Viernheim"]
[WhiteTeamCountry "GER"]
[BlackTeamCountry "GER"]

1. d4 Nf6 2. Nf3 e6 3. Bg5 h6 4. Bh4 d5 5. e3 c5 6. c3 Nbd7 7. Nbd2 Bd6 8. Bd3 Qc7 9. Rc1 c4 10. Bb1 b5 11. e4 dxe4 12. Nxe4 Nxe4 13. Bxe4 Bb7 14. Qe2 Bxe4 15. Qxe4 0-0 16. Bg3 Nf6 17. Qe2 Nd5 18. 0-0 Rac8 19. Bxd6 Qxd6 20. g3 b4 21. Ne5 bxc3 22. bxc3 Qa3 23. Qd2 Rc7 24. Rc2 Rb8 25. Rfc1 a5 26. Qe2 Rbc8 27. Qd2 Rb8 28. Qe2 Rbc8 29. Qd2 a4 30. Rb1 Qd6 31. Rcb2 Qa3 32. Rc2 Qe7 33. Rcb2 Qg5 34. Qxg5 hxg5 35. Rc2 Ra8 36. Ng4 Rcc8 37. Ne3 Rab8 38. Rxb8 Rxb8 39. Nxc4 Rc8 40. Nb2 Rxc3 41. Rxc3 Nxc3 42. f3 Kf8 43. Kf2 a3 44. Nc4 Nxa2 45. Nxa3 Nb4 46. Ke3 Ke7 47. Nc4 f6 48. Ke4 Kd7 49. Nb6+ Kc6 50. Nc4 Nd5 51. Ne3 Nxe3 52. Kxe3 Kd5 53. Kd3 f5 54. Kc3 g4 55. fxg4 fxg4 56. Kd3 e5 57. dxe5 Kxe5 58. Ke3 g6 59. Kd3 Kd5 60. Ke3 Ke5 1/2-1/2

[Event "German Masters 96th"]
[Site "Munich"]
[Date "2025.05.17"]
[Round "3"]
[White "Costa, Leonardo"]
[Black "Wagner, Dennis"]
[Result "1/2-1/2"]
[WhiteElo "2531"]
[BlackElo "2616"]
[PlyCount "77"]
[EventDate "2025.05.15"]
[EventType "tourn"]
[EventRounds "9"]
[EventCountry "GER"]
[EventCategory "15"]
[SourceTitle "CB22_2025"]
[SourceDate "2025.05.28"]
[SourceVersion "1"]
[SourceVersionDate "2025.05.28"]
[SourceQuality "1"]

1. e4 e5 2. Nf3 Nc6 3. Bb5 a6 4. Ba4 Nf6 5. 0-0 Nxe4 6. d4 b5 7. Bb3 d5 8. dxe5 Be6 9. Qe2 Nc5 10. Bg5 Be7 11. Bxe7 Nxe7 12. Nbd2 0-0 13. Nd4 Nd7 14. f4 c5 15. Nxe6 fxe6 16. c3 Qb6 17. Kh1 Rf7 18. g3 c4 19. Bc2 Nf5 20. Nf3 g6 21. Rae1 Raf8 22. Ng5 Rg7 23. g4 Ne7 24. Qd2 Nc5 25. Qe3 Qc6 26. Kg1 Na4 27. Qc1 Qb6+ 28. Kh1 Nc5 29. h3 b4 30. Qe3 Qa5 31. Re2 Qb5 32. Ref2 a5 33. Nf3 Kh8 34. Nd4 Qb7 35. Kh2 Rfg8 36. Nf3 Qc7 37. Nd4 Qb7 38. Nf3 Qc7 39. Nd4 1/2-1/2

[Event "Titled Tuesday intern op 01st Apr Late"]
[Site "Chess.com INT"]
[Date "2025.04.01"]
[Round "1"]
[White "Abraham, John Z"]
[Black "Wagner, Dennis"]
[Result "1/2-1/2"]
[WhiteElo "2141"]
[BlackElo "2607"]
[PlyCount "92"]
[EventDate "2025.04.01"]
[EventType "swiss (blitz)"]
[EventRounds "11"]
[EventCountry "USA"]
[SourceTitle "CB15_2025"]
[SourceDate "2025.04.09"]
[SourceVersion "1"]
[SourceVersionDate "2025.04.09"]
[SourceQuality "1"]

1. c4 Nf6 2. Nf3 c5 3. g3 b6 4. Bg2 Bb7 5. 0-0 e6 6. Nc3 Be7 7. Re1 d5 8. cxd5 Nxd5 9. d4 cxd4 10. Nxd5 Qxd5 11. Qxd4 0-0 12. Qxd5 Bxd5 13. Bd2 Rc8 14. Rac1 Nc6 15. b3 f5 16. Ng5 Bxg2 17. Kxg2 Bxg5 18. Bxg5 Nb4 19. a4 Kf7 20. Rcd1 h6 21. Bf4 Nd5 22. e4 Nxf4+ 23. gxf4 Rd8 24. exf5 exf5 25. Rxd8 Rxd8 26. Re5 Kf6 27. a5 Rd4 28. axb6 axb6 29. Rb5 Rxf4 30. Rxb6+ Kg5 31. b4 Rc4 32. b5 Rb4 33. Rb8 Kh5 34. b6 g5 35. b7 Rb3 36. Kg1 f4 37. Kg2 Kg4 38. h3+ Kh5 39. Kh2 Rb2 40. Kg2 Rb6 41. Kg1 Rb5 42. Kg2 Rb3 43. Kh2 Rb1 44. Kg2 Rb2 45. Kf3 Rb1 46. Kg2 Rb3 1/2-1/2

[Event "Titled Tuesday intern op 01st Apr Late"]
[Site "Chess.com INT"]
[Date "2025.04.01"]
[Round "9"]
[White "Wagner, Dennis"]
[Black "Lymar, Vladislav"]
[Result "1-0"]
[WhiteElo "2607"]
[BlackElo "2212"]
[PlyCount "27"]
[EventDate "2025.04.01"]
[EventType "swiss (blitz)"]
[EventRounds "11"]
[EventCountry "USA"]
[SourceTitle "CB15_2025"]
[SourceDate "2025.04.09"]
[SourceVersion "1"]
[SourceVersionDate "2025.04.09"]
[SourceQuality "1"]

1. e4 d5 2. exd5 Qxd5 3. Nc3 Qe5+ 4. Be2 Bg4 5. d4 Bxe2 6. Ngxe2 Qa5 7. 0-0 Nf6 8. Re1 e6 9. d5 e5 10. Ng3 Bd6 11. Nf5 0-0 12. Qf3 Nbd7 13. Bh6 Ne8 14. Bxg7 1-0

[Event "Titled Tuesday intern op 01st Apr Early"]
[Site "Chess.com INT"]
[Date "2025.04.01"]
[Round "1"]
[White "Wagner, Dennis"]
[Black "Ratkovic, Petar"]
[Result "1-0"]
[WhiteElo "2614"]
[BlackElo "2302"]
[PlyCount "63"]
[EventDate "2025.04.01"]
[EventType "swiss (blitz)"]
[EventRounds "11"]
[EventCountry "USA"]
[SourceTitle "CB15_2025"]
[SourceDate "2025.04.09"]
[SourceVersion "1"]
[SourceVersionDate "2025.04.09"]
[SourceQuality "1"]

1. e4 c6 2. d4 d5 3. e5 Bf5 4. Nf3 e6 5. Be2 Ne7 6. c3 Bg6 7. a4 Nf5 8. 0-0 Be7 9. a5 a6 10. b4 0-0 11. Na3 Nd7 12. Nc2 f6 13. g4 Nh6 14. exf6 Rxf6 15. g5 Bxc2 16. Qxc2 Rg6 17. h4 Nf6 18. Ne5 Nf5 19. Nxg6 hxg6 20. gxf6 Bxf6 21. Bg4 Kf7 22. Bf4 g5 23. hxg5 Bxg5 24. Qd2 Bf6 25. Bxf5 exf5 26. Kg2 g5 27. Be5 Qd7 28. Rh1 Kg6 29. Bxf6 f4 30. Qd3+ Kxf6 31. Rh6+ Kg7 32. Qh7+ 1-0

[Event "Titled Tuesday intern op 01st Apr Late"]
[Site "Chess.com INT"]
[Date "2025.04.01"]
[Round "4"]
[White "Wagner, Dennis"]
[Black "Theodorou, Nikolas"]
[Result "0-1"]
[WhiteElo "2607"]
[BlackElo "2611"]
[PlyCount "88"]
[EventDate "2025.04.01"]
[EventType "swiss (blitz)"]
[EventRounds "11"]
[EventCountry "USA"]
[SourceTitle "CB21_2025"]
[SourceDate "2025.05.21"]
[SourceVersion "1"]
[SourceVersionDate "2025.05.21"]
[SourceQuality "1"]

1. e4 d5 2. exd5 Qxd5 3. Nc3 Qd6 4. d4 Nf6 5. Nf3 Nc6 6. d5 Nb4 7. Nb5 Qd8 8. c4 Na6 9. Bd3 e6 10. 0-0 exd5 11. Re1+ Be7 12. Qe2 Nc5 13. Bf4 Ne6 14. Bg3 0-0 15. Nxc7 Nxc7 16. Qxe7 Ne6 17. Qxd8 Rxd8 18. cxd5 Nxd5 19. Rad1 b6 20. Ne5 Bb7 21. Bf5 Nc5 22. h4 h6 23. h5 Nf6 24. Bc2 Nxh5 25. Bh4 Rxd1 26. Rxd1 Nf4 27. f3 Bd5 28. b4 Nce6 29. g3 Ne2+ 30. Kf2 N2d4 31. Rc1 g5 32. Bb3 Nxb3 33. axb3 gxh4 34. gxh4 Bxb3 35. Nc6 Kf8 36. Rc3 Ba4 37. Ne5 Bb5 38. Ke3 h5 39. f4 f6 40. Ng6+ Ke8 41. f5 Ng7 42. Kf4 Bd7 43. Rc7 Kd8 44. Rb7 Kc8 0-1

[Event "Titled Tuesday intern op 01st Apr Early"]
[Site "Chess.com INT"]
[Date "2025.04.01"]
[Round "3"]
[White "Wagner, Dennis"]
[Black "Tin, Jingyao"]
[Result "1-0"]
[WhiteElo "2614"]
[BlackElo "2597"]
[PlyCount "47"]
[EventDate "2025.04.01"]
[EventType "swiss (blitz)"]
[EventRounds "11"]
[EventCountry "USA"]
[SourceTitle "CB15_2025"]
[SourceDate "2025.04.09"]
[SourceVersion "1"]
[SourceVersionDate "2025.04.09"]
[SourceQuality "1"]

1. e4 e5 2. Nf3 Nc6 3. Bb5 a6 4. Ba4 Nf6 5. 0-0 b5 6. Bb3 Bc5 7. c3 Bd6 8. d4 0-0 9. dxe5 Nxe5 10. Nxe5 Bxe5 11. f4 Bd6 12. e5 Bc5+ 13. Kh1 Ne4 14. Bd5 Nf2+ 15. Rxf2 Bxf2 16. Bxa8 c6 17. Nd2 Ba7 18. Ne4 Qb6 19. Nd6 Qb8 20. f5 Qxa8 21. f6 Bb7 22. Qg4 g6 23. Qg5 c5 24. Nxb7 1-0

[Event "SUI-chT"]
[Site "Switzerland"]
[Date "2025.03.16"]
[Round "1.1"]
[White "Wagner, Dennis"]
[Black "Prusikin, Michael"]
[Result "1/2-1/2"]
[WhiteElo "2614"]
[BlackElo "2498"]
[PlyCount "85"]
[EventDate "2025.03.16"]
[EventType "team-tourn"]
[EventRounds "9"]
[EventCountry "SUI"]
[SourceTitle "CB14_2025"]
[SourceDate "2024.11.01"]
[SourceVersion "1"]
[SourceVersionDate "2024.11.01"]
[SourceQuality "1"]
[WhiteTeam "Luzern"]
[BlackTeam "Wollishofen"]
[WhiteTeamCountry "SUI"]
[BlackTeamCountry "SUI"]

1. d4 Nf6 2. c4 e6 3. Nf3 d5 4. g3 Nbd7 5. Bg2 c6 6. Qc2 Bd6 7. 0-0 0-0 8. Rd1 Qe7 9. Nc3 dxc4 10. Nd2 e5 11. Nxc4 exd4 12. Nxd6 Qxd6 13. e3 d3 14. Rxd3 Qc5 15. h3 Nd5 16. Bxd5 cxd5 17. Rxd5 Qc6 18. Qd1 Nf6 19. Rd6 Qc5 20. e4 Bxh3 21. Be3 Qe5 22. Bf4 Qh5 23. Qxh5 Nxh5 24. f3 Rfd8 25. Rad1 Rxd6 26. Rxd6 Re8 27. Bd2 Be6 28. Kf2 Nf6 29. Be3 a6 30. g4 h6 31. Bd4 Nd7 32. Nd5 Bxd5 33. Rxd5 Nb8 34. a4 f6 35. Ke3 Kf7 36. b4 Nc6 37. b5 axb5 38. axb5 Ne5 39. Rc5 Ke6 40. Rc7 Re7 41. Rc8 Rd7 42. Bxe5 fxe5 43. Re8+ 1/2-1/2

[Event "Titled Tuesday intern op 11th Mar Late"]
[Site "Chess.com INT"]
[Date "2025.03.11"]
[Round "4"]
[White "Wagner, Dennis"]
[Black "Zwahr, Paul"]
[Result "1-0"]
[WhiteElo "2614"]
[BlackElo "2308"]
[PlyCount "99"]
[EventDate "2025.03.11"]
[EventType "swiss (blitz)"]
[EventRounds "11"]
[EventCountry "USA"]
[SourceTitle "CB12_2025"]
[SourceDate "2025.03.19"]
[SourceVersion "1"]
[SourceVersionDate "2025.03.19"]
[SourceQuality "1"]

1. d4 Nf6 2. c4 g6 3. Nc3 Bg7 4. e4 d6 5. Be2 0-0 6. h4 c5 7. d5 e6 8. h5 exd5 9. exd5 Re8 10. h6 Bh8 11. Bg5 Qb6 12. b3 Qb4 13. Bd2 Qb6 14. Nf3 Bf5 15. Nh4 Bd3 16. 0-0 Bxe2 17. Nxe2 Ne4 18. Ng3 Nxd2 19. Qxd2 Qd8 20. Rae1 Rxe1 21. Rxe1 Nd7 22. Nf3 Nf6 23. Qf4 Qd7 24. Ne4 Nxe4 25. Qxe4 Bf6 26. g4 Kf8 27. g5 Bc3 28. Re3 Re8 29. Qf4 Rxe3 30. fxe3 Qe7 31. Kg2 f6 32. gxf6 Qxf6 33. Ng5 Qxf4 34. exf4 Kg8 35. Ne4 Bb2 36. Nxd6 Bc1 37. Kf3 Kf8 38. Nxb7 Ke7 39. Nxc5 Kd6 40. Ne4+ Ke7 41. c5 Ba3 42. d6+ Ke6 43. Ng5+ Kd7 44. Nxh7 Bxc5 45. Nf6+ Ke6 46. h7 Bd4 47. h8Q Bxf6 48. Qg8+ Kxd6 49. Qxg6 Ke7 50. Ke4 1-0

[Event "Titled Tuesday intern op 11th Feb Early"]
[Site "Chess.com INT"]
[Date "2025.02.11"]
[Round "1"]
[White "Alonso, Raphael VP Patricio"]
[Black "Wagner, Dennis"]
[Result "0-1"]
[WhiteElo "2130"]
[BlackElo "2614"]
[PlyCount "39"]
[EventDate "2025.02.11"]
[EventType "swiss (blitz)"]
[EventRounds "11"]
[EventCountry "USA"]
[SourceTitle "CB09_2025"]
[SourceDate "2025.02.27"]
[SourceVersion "1"]
[SourceVersionDate "2025.02.27"]
[SourceQuality "1"]

1. d4 Nf6 2. Nf3 e6 3. e3 b6 4. Bd3 Bb7 5. 0-0 d5 6. c4 Nbd7 7. Nc3 a6 8. a3 Bd6 9. Qe2 0-0 10. e4 dxc4 11. Bxc4 e5 12. dxe5 Nxe5 13. Nxe5 Bxe5 14. Bg5 Qe7 15. Nd5 Bxd5 16. Bxd5 Rad8 17. Rac1 Rxd5 18. Qc4 Bxh2+ 19. Kxh2 Rxg5 20. Qxc7 0-1

[Event "Titled Tuesday intern op 11th Feb Early"]
[Site "Chess.com INT"]
[Date "2025.02.11"]
[Round "5"]
[White "Fromm, Marius"]
[Black "Wagner, Dennis"]
[Result "1-0"]
[WhiteElo "2453"]
[BlackElo "2614"]
[PlyCount "127"]
[EventDate "2025.02.11"]
[EventType "swiss (blitz)"]
[EventRounds "11"]
[EventCountry "USA"]
[SourceTitle "CB09_2025"]
[SourceDate "2025.02.27"]
[SourceVersion "1"]
[SourceVersionDate "2025.02.27"]
[SourceQuality "1"]

1. e4 e5 2. Nf3 Nc6 3. Bb5 a6 4. Ba4 Nf6 5. Nc3 Bc5 6. 0-0 0-0 7. Bxc6 dxc6 8. d3 Nd7 9. Be3 Bd6 10. a4 a5 11. Nd2 Re8 12. Nc4 Bb4 13. f4 exf4 14. Rxf4 Nf8 15. Qh5 Ng6 16. Rf2 Be6 17. Nd2 Qh4 18. Qxh4 Nxh4 19. Nf3 Nxf3+ 20. Rxf3 b6 21. Ne2 Rad8 22. b3 f6 23. h3 Bf7 24. g4 Bd6 25. Bf4 c5 26. Nc3 h5 27. Kg2 hxg4 28. hxg4 Bxf4 29. Rxf4 Re5 30. Rf5 Rde8 31. Nb5 R5e7 32. Kg3 Be6 33. Rf2 Bc8 34. Rh1 Ba6 35. Nc3 Bb7 36. Rh5 Bc6 37. g5 Re5 38. Kh4 g6 39. Rh6 fxg5+ 40. Kg3 Kg7 41. Rfh2 R8e7 42. Rh7+ Kf6 43. Rf2+ Ke6 44. Rh6 Rg7 45. Rf8 Ke7 46. Rc8 Kd7 47. Rf8 Ke7 48. Rc8 Kd7 49. Rf8 Ree7 50. Rf6 Ref7 51. Rhxg6 Rxg6 52. Rxf7+ Kc8 53. Kg4 Bd7+ 54. Kg3 Rh6 55. Nd5 Rh3+ 56. Kg2 Rh8 57. Rg7 g4 58. Nf6 Be6 59. Nxg4 Rf8 60. Ne5 Rh8 61. Nc6 Bd7 62. Ne7+ Kd8 63. Nd5 Kc8 64. Kf2 1-0

[Event "Titled Tuesday intern op 11th Feb Early"]
[Site "Chess.com INT"]
[Date "2025.02.11"]
[Round "3"]
[White "Shinkarev, M."]
[Black "Wagner, Dennis"]
[Result "1-0"]
[WhiteElo "2132"]
[BlackElo "2614"]
[PlyCount "55"]
[EventDate "2025.02.11"]
[EventType "swiss (blitz)"]
[EventRounds "11"]
[EventCountry "USA"]
[SourceTitle "CB09_2025"]
[SourceDate "2025.02.27"]
[SourceVersion "1"]
[SourceVersionDate "2025.02.27"]
[SourceQuality "1"]

1. c4 e5 2. g3 h6 3. Bg2 Nf6 4. Nc3 Bb4 5. Nd5 Nxd5 6. cxd5 0-0 7. e3 c6 8. Ne2 cxd5 9. Bxd5 Nc6 10. 0-0 Ne7 11. Bg2 d5 12. d4 e4 13. f3 exf3 14. Bxf3 Bh3 15. Rf2 Qd7 16. Nf4 Rac8 17. Nxh3 Rfe8 18. Nf4 Bd6 19. Nxd5 Nf5 20. Bd2 Qb5 21. Qb3 Qxb3 22. axb3 Rc2 23. Bc3 Rxf2 24. Kxf2 a6 25. e4 Ne7 26. Nxe7+ Bxe7 27. e5 Rb8 28. d5 1-0